Health, physical education, recreation, and dance for the older adult : a modular approach /

Bibliographic Details
Corporate Author: American Alliance for Health, Physical Education, Recreation, and Dance. Project on Aging
Other Authors: Leviton, Daniel, Campanelli, Linda C.
Format: Book
Language:English
Published: Reston, Va. : American Alliance for Health, Physical Education, Recreation, and Dance, 1980.
Subjects:

MARC

Tag First Indicator Second Indicator Subfields
LEADER 00000cam a2200000 a 4500
001 in00000082455
005 20151008061204.0
008 800828s1980 vauk b 00000 eng d
035 |a (OCoLC)06665692 
035 |9 AAJ7509AM 
040 |a COW  |c COW  |d TXA  |d UtOrBLW 
049 |a TXAM  |c [1329328] 
090 |a GV447  |b .H4 
245 0 0 |a Health, physical education, recreation, and dance for the older adult :  |b a modular approach /  |c co-editors, Dan Leviton, Linda Campanelli Santoro ; in collaboration with the Project on Aging staff and consultants. 
264 1 |a Reston, Va. :  |b American Alliance for Health, Physical Education, Recreation, and Dance,  |c 1980. 
300 |a v, 252 pages :  |b forms ;  |c 26 cm. 
336 |a text  |b txt  |2 rdacontent 
337 |a unmediated  |b n  |2 rdamedia 
338 |a volume  |b nc  |2 rdacarrier 
504 |a Includes bibliographies. 
650 0 |a Older people  |x Recreation. 
650 0 |a Physical education for older people. 
700 1 |a Leviton, Daniel. 
700 1 |a Campanelli, Linda C. 
710 2 |a American Alliance for Health, Physical Education, Recreation, and Dance.  |b Project on Aging. 
999 |a MARS 
999 f f |s 16344fd5-9020-3271-97c5-44a96a9b5b19  |i 1c1d2100-d8b4-326e-9995-57f78f8bca72  |t 0 
952 f f |p ric  |a Texas A&M University  |b Rellis Campus  |c Joint Library Facility  |d Remote Storage  |t 0  |e GV447 .H4  |h Library of Congress classification  |i unmediated -- volume  |m A14806116068 
998 f f |a GV447 .H4  |t 0  |l Remote Storage